Statistics for Groups of Things - History #1

Click here to take the quiz!

General Stats

  • This quiz has been taken 80,098 times
    (40,861 since last reset)
  • The average score is 32 of 56

Answer Stats

GroupAnswer% Correct
Major Axis powers of WWIIGermany
94%
Largest empires of All-Time
(by land area)
British Empire
90%
Names of female English monarchsElizabeth
89%
Major Axis powers of WWIIItaly
89%
Cities which have been capital
of the United States
Washington D.C.
89%
Largest empires of All-Time
(by land area)
Russian Empire / Soviet Union
88%
Major Axis powers of WWIIJapan
88%
"Big 3" Allied leaders of WWIIWinston Churchill
86%
Warsaw Pact countriesPoland
82%
"Big 3" Allied leaders of WWIIFranklin D. Roosevelt
78%
"Big 3" Allied leaders of WWIIJoseph Stalin
77%
Cities which have been capital
of the United States
New York City
76%
Names of female English monarchsVictoria
75%
Names of female English monarchsMary
70%
Great inventions of Ancient ChinaGunpowder
68%
Largest empires of All-Time
(by land area)
Mongol Empire
68%
Italian cities with more people
than Rome in 1500 AD
Milan
66%
Italian cities with more people
than Rome in 1500 AD
Venice
66%
Warsaw Pact countriesHungary
64%
Italian cities with more people
than Rome in 1500 AD
Naples
62%
Warsaw Pact countriesRomania
62%
Warsaw Pact countriesSoviet Union
62%
Italian cities with more people
than Rome in 1500 AD
Florence
60%
Columbus's shipsSanta Maria
60%
Warsaw Pact countriesBulgaria
59%
"Great" Russian emperorsCatherine
59%
Islands where Napoleon livedCorsica
59%
Great inventions of Ancient ChinaPaper
59%
Cities which have been capital
of the United States
Philadelphia
57%
"Great" Russian emperorsPeter
56%
Largest empires of All-Time
(by land area)
Spanish Empire
56%
Warsaw Pact countriesCzechoslovakia
55%
Names of female English monarchsAnne
53%
Islands where Napoleon livedElba
53%
Columbus's shipsPinta
52%
Columbus's shipsNiña
50%
Territories lost by Spain in the
Spanish-American War
Cuba
48%
Warsaw Pact countriesAlbania
47%
Houses from the Wars of the RosesYork
46%
Houses from the Wars of the RosesLancaster
45%
Warsaw Pact countriesEast Germany
44%
Islands where Napoleon livedSaint Helena
44%
Territories lost by Spain in the
Spanish-American War
Philippines
41%
Tribes that sacked Rome (400s AD)Visigoths
41%
Territories lost by Spain in the
Spanish-American War
Puerto Rico
38%
Orders of Greek columnsIonic
37%
Orders of Greek columnsDoric
36%
Second Roman TriumvirateOctavian
34%
Italian cities with more people
than Rome in 1500 AD
Genoa
32%
Tribes that sacked Rome (400s AD)Vandals
32%
Orders of Greek columnsCorinthian
31%
Territories lost by Spain in the
Spanish-American War
Guam
31%
Great inventions of Ancient ChinaPrinting
27%
Second Roman TriumvirateMark Antony
26%
Great inventions of Ancient ChinaCompass
25%
Second Roman TriumvirateMarcus Lepidus
10%

Score Distribution

Percentile by Number Answered

Percent of People with Each Score

Your Score History

You have not taken this quiz since the last reset